[Event "Groningen Open A"]
[Site "Groningen NED"]
[Date "2012.12.22"]
[Round "2.17"]
[White "Wallace, John Paul"]
[Black "Senders, Mischa"]
[Result "1/2-1/2"]
[WhiteTitle "IM"]
[WhiteElo "2398"]
[BlackElo "1967"]
[WhiteFideId "3200957"]
[BlackFideId "1038370"]
[EventDate "2012.12.21"]

1. d4 d5 2. c4 c6 3. Nc3 Nf6 4. e3 e6 5. Nf3 Nbd7 6. Qc2 Bd6 7. Bd3 dxc4 8. Bxc4
b5 9. Bd3 Bb7 10. a3 O-O 11. O-O a6 12. b4 a5 13. Rb1 axb4 14. axb4 Qe7 15. Qb3
e5 16. dxe5 Nxe5 17. Be2 Rfe8 18. Nd4 Neg4 19. h3 Nh6 20. Bd2 Ne4 21. Nxe4 Qxe4
22. Rfc1 Nf5 23. Nxf5 Qxf5 24. Bf3 Qd7 25. Bc3 c5 26. Bxb7 Qxb7 27. bxc5 Bxc5
28. Qxb5 Qxb5 29. Rxb5 Ba3 30. Ra1 Bf8 31. Rab1 g6 32. Rb7 Bg7 33. Bxg7 Kxg7 34.
R1b4 h5 35. Rf4 Rf8 36. Kh2 Ra6 37. g4 hxg4 38. hxg4 Rf6 39. Kg3 Rxf4 40. Kxf4
Kg8 41. g5 Ra8 42. e4 Ra5 43. f3 Rc5 44. Kg4 Ra5 45. Rb6 Rc5 46. Rb2 Ra5 47. Rd2
Rb5 48. Rd6 Ra5 49. Rf6 Rb5 50. f4 Rb1 51. e5 Rg1+ 52. Kf3 Rf1+ 53. Ke4 Re1+ 54.
Kd4 Rd1+ 55. Kc5 Rc1+ 56. Kd6 Rb1 57. Kd5 Rd1+ 58. Kc6 Rd4 59. Kc5 Rd1 60. Rd6
Rc1+ 61. Kb6 Rc4 62. Rf6 Rb4+ 63. Kc7 Rc4+ 64. Kd7 Ra4 65. Ke8 Ra8+ 66. Ke7 Ra7+
67. Kd6 Ra6+ 68. Kd5 Ra4 69. Kc6 Rc4+ 70. Kb6 Rb4+ 71. Kc7 Rc4+ 72. Kd8 Ra4 73.
Ke7 Ra7+ 74. Kd6 Ra6+ 1/2-1/2

[Event "Groningen Open A"]
[Site "Groningen NED"]
[Date "2012.12.22"]
[Round "2.18"]
[White "IJzermans, Gijs"]
[Black "Baghdasaryan, Vahe"]
[Result "0-1"]
[BlackTitle "IM"]
[WhiteElo "1966"]
[BlackElo "2388"]
[WhiteFideId "1031570"]
[BlackFideId "13303139"]
[EventDate "2012.12.21"]

1. d4 d5 2. c4 c6 3. Nf3 Nf6 4. e3 Bf5 5. Nc3 e6 6. Qb3 Qb6 7. Qxb6 axb6 8. Be2
h6 9. O-O Nbd7 10. b3 Bb4 11. Bb2 Ba3 12. Bxa3 Rxa3 13. Nb1 Ra7 14. a4 Ke7 15.
Nc3 Rha8 16. Nd2 Nb8 17. f3 Na6 18. e4 dxe4 19. fxe4 Bg6 20. e5 Nd7 21. Nde4 c5
22. Rad1 cxd4 23. Rxd4 Nxe5 24. Nd6 Nc5 25. Bd1 Nc6 26. Rd2 Rd8 27. Ncb5 Raa8
28. Bc2 f5 29. g4 Ne4 30. Bxe4 fxe4 31. Re1 Ne5 32. Nxe4 Nf3+ 33. Kf2 Nxd2 0-1

[Event "Groningen Open A"]
[Site "Groningen NED"]
[Date "2012.12.22"]
[Round "2.19"]
[White "Deviatkin, Andrei"]
[Black "Kevlishvili, Robby"]
[Result "1-0"]
[WhiteTitle "GM"]
[WhiteElo "2569"]
[BlackElo "1941"]
[WhiteFideId "4121260"]
[BlackFideId "1040634"]
[EventDate "2012.12.21"]

1. e4 c5 2. Nc3 d6 3. f4 g6 4. Nf3 Bg7 5. Bb5+ Bd7 6. Qe2 Nc6 7. O-O Nd4 8. Nxd4
cxd4 9. Nb1 Rc8 10. Bxd7+ Qxd7 11. d3 Qc6 12. c4 Nf6 13. Nd2 O-O 14. Nf3 Nd7 15.
b3 Nc5 16. f5 e6 17. fxg6 fxg6 18. Bd2 e5 19. h4 Ne6 20. h5 Rf6 21. Nh4 Rcf8 22.
Qg4 Qe8 23. hxg6 hxg6 24. Rxf6 Rxf6 25. Rf1 Kh7 26. Rxf6 Bxf6 27. Nxg6 Ng7 28.
Nh4 Bxh4 29. Qxh4+ Kg8 30. Bb4 Qg6 31. Qd8+ Kh7 32. Qh4+ Kg8 33. Kh2 Kf7 34. Bd2
Ne6 35. b4 b6 36. g3 Ng7 37. Kg2 Kg8 38. Qh3 Ne6 39. Qf5 Qe8 40. Bh6 Nd8 41.
Qg5+ Kf7 42. Qh5+ Ke7 43. Bg5+ 1-0

[Event "Groningen Open A"]
[Site "Groningen NED"]
[Date "2012.12.22"]
[Round "2.22"]
[White "Von Meijenfeldt, Bart"]
[Black "Pacher, Milan"]
[Result "0-1"]
[BlackTitle "IM"]
[WhiteElo "2155"]
[BlackElo "2436"]
[WhiteFideId "1032259"]
[BlackFideId "14907445"]
[EventDate "2012.12.21"]

1. e4 c6 2. d4 d5 3. Nc3 dxe4 4. Nxe4 Nf6 5. Nxf6+ gxf6 6. Bc4 Bf5 7. Bf4 e6 8.
Ne2 Bd6 9. Bxd6 Qxd6 10. Ng3 Qb4+ 0-1

[Event "Groningen Open A"]
[Site "Groningen NED"]
[Date "2012.12.22"]
[Round "2.23"]
[White "Mostertman, Milan"]
[Black "Drozdowski, Kacper"]
[Result "1/2-1/2"]
[BlackTitle "FM"]
[WhiteElo "2250"]
[BlackElo "2426"]
[WhiteFideId "1025848"]
[BlackFideId "1136720"]
[EventDate "2012.12.21"]

1. e4 Nf6 2. e5 Nd5 3. d4 d6 4. Nf3 Bg4 5. Be2 c6 6. O-O Bxf3 7. Bxf3 dxe5 8.
dxe5 e6 9. Qe2 Qc7 10. b3 Nd7 11. Bb2 Nf4 12. Qe4 Ng6 13. Re1 O-O-O 14. a4 a5
15. Na3 Nb6 16. Bd4 Be7 17. Qe3 Rxd4 18. Qxd4 Rd8 19. Qe3 h6 20. Bh5 Bg5 21. Qe4
Bd2 22. Re2 Bc3 23. Rf1 Nxe5 24. Nb1 f5 25. Qf4 Nd5 26. Qg3 f4 27. Qh3 f3 28.
Bxf3 Nf4 29. Qg3 Nxe2+ 30. Bxe2 Bd4 31. Nc3 Bxc3 32. Qxc3 Ng6 33. Bg4 Nf4 34. g3
h5 35. Bf3 Nd5 36. Qe1 Qf7 37. Bg2 Qf5 38. Qxa5 Qxc2 39. Bh3 Nc7 40. b4 h4 41.
b5 hxg3 42. hxg3 Qc5 43. Rb1 Rd3 44. Bxe6+ Kb8 45. Bh3 Rxg3+ 46. Bg2 Rc3 47. Rd1
Rc1 48. Qe1 Rxd1 49. Qxd1 cxb5 50. Qf3 Qc1+ 51. Kh2 Qh6+ 52. Kg1 Qc1+ 53. Kh2
Qh6+ 1/2-1/2

[Event "Groningen Open A"]
[Site "Groningen NED"]
[Date "2012.12.22"]
[Round "2.24"]
[White "Barua, Dibyendu"]
[Black "Kerigan, Demre"]
[Result "1-0"]
[WhiteTitle "GM"]
[WhiteElo "2410"]
[BlackElo "2233"]
[WhiteFideId "5000025"]
[BlackFideId "6307841"]
[EventDate "2012.12.21"]

1. e4 g6 2. d4 Bg7 3. Nc3 d6 4. h3 a6 5. a4 Nf6 6. Nf3 O-O 7. Be3 Nc6 8. d5 Nb4
9. a5 e6 10. Bc4 c5 11. O-O exd5 12. exd5 Bf5 13. Ne1 Re8 14. Be2 Ne4 15. Na4
Qxa5 16. c3 Nxd5 17. Qxd5 b5 18. g4 Bd7 19. Nxc5 Qxa1 20. Ned3 Nf6 21. Qxd6 Qa2
22. Nxd7 Ne4 23. Qf4 Nxc3 24. bxc3 Qxe2 25. N3e5 Qa2 26. c4 Re7 27. Bc5 Rxd7 28.
Nxd7 Qxc4 29. Qxc4 bxc4 30. g5 Rc8 31. Re1 h6 32. gxh6 Bxh6 33. Nf6+ Kh8 34. Bd4
Bg7 35. Bc3 a5 36. Re4 g5 37. h4 g4 38. Re7 Ra8 39. Rc7 a4 40. Rxc4 a3 41. Rc5
Bxf6 42. Bxf6+ Kh7 43. Kg2 a2 44. Ba1 Ra4 45. Kg3 Kh6 46. Rf5 Rc4 47. Ra5 Rc2
48. Bd4 Kg6 49. h5+ Kh7 50. Ra8 Kh6 51. Kh4 1-0

[Event "Groningen Open A"]
[Site "Groningen NED"]
[Date "2012.12.22"]
[Round "2.25"]
[White "Donchenko, Alexander"]
[Black "Jacobs, Florian"]
[Result "1-0"]
[WhiteTitle "IM"]
[WhiteElo "2401"]
[BlackElo "2151"]
[WhiteFideId "24603295"]
[BlackFideId "1018329"]
[EventDate "2012.12.21"]

1. c4 g6 2. g3 Bg7 3. Bg2 Nf6 4. Nc3 O-O 5. e4 d6 6. Nge2 c5 7. O-O Nc6 8. d3
Bd7 9. h3 Ne8 10. Be3 Nd4 11. Qd2 Bxh3 12. Bxd4 cxd4 13. Bxh3 dxc3 14. bxc3 e6
15. Rfb1 Rb8 16. a4 d5 17. exd5 exd5 18. c5 Nc7 19. d4 Ne6 20. Bg2 Qd7 21. Rb4
h5 22. Rab1 h4 23. gxh4 Bf6 24. Nf4 Nxf4 25. Qxf4 Kg7 26. a5 Qe6 27. Qg3 Rh8 28.
h5 Rbg8 29. hxg6 Kf8 30. Qd6+ Qxd6 31. cxd6 Rxg6 32. Rxb7 Bg7 33. Rb8# 1-0

[Event "Groningen Open A"]
[Site "Groningen NED"]
[Date "2012.12.22"]
[Round "2.26"]
[White "Arslanov, Shamil"]
[Black "Sparenberg, Erik"]
[Result "1-0"]
[WhiteTitle "IM"]
[WhiteElo "2386"]
[BlackElo "2114"]
[WhiteFideId "4192826"]
[BlackFideId "1013262"]
[EventDate "2012.12.21"]

1. e4 e5 2. Nf3 Nc6 3. d4 exd4 4. Nxd4 Nf6 5. Nxc6 bxc6 6. Bd3 d5 7. e5 Ng4 8.
O-O Be6 9. Qe2 g6 10. Nd2 h5 11. Nf3 Bc5 12. Bg5 Be7 13. Bxe7 Qxe7 14. h3 Nh6
15. Nd4 c5 16. Bb5+ Kf8 17. Nc6 Qh4 18. Qe3 c4 19. Rad1 Kg7 20. Rd4 Ng4 21. Qd2
a6 22. Ba4 Raf8 23. f3 Qg3 24. fxg4 hxg4 25. Qf4 Qxf4 26. Rdxf4 gxh3 27. Nd4 Bc8
28. Bc6 hxg2 29. Kxg2 Be6 30. Nxe6+ fxe6 31. Rxf8 Rxf8 32. Rxf8 Kxf8 33. Kf2 Kg7
34. Kg3 Kh6 35. Kg4 d4 36. Bb7 d3 37. cxd3 1-0

[Event "Groningen Open A"]
[Site "Groningen NED"]
[Date "2012.12.22"]
[Round "2.27"]
[White "Berkovich, Mark A"]
[Black "Dhar-Barua, Saheli"]
[Result "1/2-1/2"]
[WhiteTitle "IM"]
[BlackTitle "WIM"]
[WhiteElo "2359"]
[BlackElo "2091"]
[WhiteFideId "2801639"]
[BlackFideId "5001331"]
[EventDate "2012.12.21"]

1. Nf3 f5 2. d3 g6 3. e4 d6 4. h4 Nf6 5. h5 Nxh5 6. Rxh5 gxh5 7. Nd4 c6 8. Nc3
Qa5 9. Qxh5+ Kd8 10. Be3 Bg7 11. O-O-O Na6 12. g4 Qe5 13. gxf5 Kc7 14. Be2 Bd7
15. f4 Qf6 16. Ndb5+ Kd8 17. Nd4 Kc7 18. Ndb5+ Kd8 19. Nd4 1/2-1/2

[Event "Groningen Open A"]
[Site "Groningen NED"]
[Date "2012.12.22"]
[Round "2.28"]
[White "Plat, Vojtech"]
[Black "Dijkhuis, Tycho"]
[Result "1-0"]
[WhiteTitle "IM"]
[WhiteElo "2483"]
[BlackElo "2062"]
[WhiteFideId "325740"]
[BlackFideId "1036564"]
[EventDate "2012.12.21"]

1. b3 Nf6 2. Bb2 g6 3. f4 Bg7 4. Nf3 O-O 5. e3 d5 6. d4 c5 7. Nbd2 Nc6 8. Ne5
Bf5 9. Ndf3 Nb4 10. Bd3 Ng4 11. Ke2 Nxd3 12. cxd3 cxd4 13. Bxd4 f6 14. Nxg4 Bxg4
15. h3 Bxf3+ 16. Kxf3 e5 17. Bb2 d4 18. exd4 exf4 19. Qd2 Qd5+ 20. Kf2 Qg5 21.
Rhf1 Rfe8 22. Rae1 Rad8 23. Rxe8+ Rxe8 24. Kg1 Re3 25. Qb4 h5 26. Bc1 f5 27.
Bxe3 fxe3 28. Qd6 Kh7 29. Qf4 Qd8 30. Rc1 e2 31. Kf2 Qa5 32. a4 Qd5 33. Rc7 Kg8
34. Rxg7+ Kxg7 35. Qe5+ Qxe5 36. dxe5 Kf7 37. h4 Ke6 38. d4 f4 39. Kxe2 a5 40.
Kf2 Kf5 41. Kf3 b6 42. Kf2 Ke6 43. Ke2 1-0

[Event "Groningen Open A"]
[Site "Groningen NED"]
[Date "2012.12.22"]
[Round "2.29"]
[White "Knol, Geon"]
[Black "Brunello, Sabino"]
[Result "0-1"]
[BlackTitle "GM"]
[WhiteElo "2160"]
[BlackElo "2583"]
[WhiteFideId "1012142"]
[BlackFideId "813613"]
[EventDate "2012.12.21"]

1. e4 c5 2. Nc3 Nc6 3. g3 g6 4. Bg2 Bg7 5. d3 e6 6. Be3 d6 7. Qd2 Nd4 8. Nd1 b6
9. c3 Nc6 10. Ne2 Ba6 11. f4 Nge7 12. O-O d5 13. f5 gxf5 14. exd5 Nxd5 15. Nf4
Nce7 16. Nh5 Rg8 17. Nxg7+ Rxg7 18. Bh6 Rg6 19. c4 Nf6 20. Bxa8 Qxa8 21. Bg5 Nc6
22. Bxf6 Rxf6 23. Nc3 Nd4 24. Rae1 Kf8 25. Qg5 Rg6 26. Qh5 Kg7 27. Ne2 Qd8 28.
Nf4 Rh6 29. Qd1 Bb7 30. Re3 Qd6 31. h4 e5 32. Ng2 f4 33. Nxf4 exf4 34. Rxf4 Rg6
35. Kh2 Ne6 36. Rf5 Qd4 37. Qe2 Qd7 38. h5 Nd4 39. Rxf7+ Qxf7 40. hxg6 hxg6 0-1

[Event "Groningen Open A"]
[Site "Groningen NED"]
[Date "2012.12.22"]
[Round "2.30"]
[White "Breder, Dennis"]
[Black "Brookes, Christopher"]
[Result "1/2-1/2"]
[WhiteTitle "IM"]
[WhiteElo "2438"]
[BlackElo "2163"]
[WhiteFideId "4636945"]
[BlackFideId "4669355"]
[EventDate "2012.12.21"]

1. e4 c5 2. Nf3 g6 3. d4 Bg7 4. d5 Nf6 5. Nc3 d6 6. Be2 O-O 7. O-O Bg4 8. Nd2
Bxe2 9. Qxe2 Nbd7 10. Nc4 Ne8 11. Bg5 Ne5 12. Ne3 Nc7 13. a4 Qe8 14. Bh4 Bf6 15.
Bg3 Rb8 16. Nb5 Nxb5 17. axb5 a6 18. bxa6 bxa6 19. f4 Nd7 20. c3 Qc8 21. Rf2 Rb5
22. Nc4 Nb6 23. e5 dxe5 24. fxe5 Bg5 25. h4 Bh6 26. Nxb6 Rxb6 27. Rd1 Qd7 28.
Kh2 Qa4 29. d6 exd6 30. exd6 Re8 31. Qf3 Qd7 32. Qd5 Bf8 33. Qxc5 Rc6 34. Qd5
Re6 35. Rfd2 Bxd6 36. Bxd6 Rcxd6 37. Qxd6 Rxd6 38. Rxd6 Qe7 39. R6d4 Qe2 40.
R1d2 Qe5+ 41. g3 h5 42. Rf2 Qe3 43. Kg2 Qe6 44. Rdf4 f5 45. Rd4 Kg7 46. Rfd2 Kh6
47. Kh2 Qe1 48. Rc2 Qe3 49. Kg2 Kg7 50. Rf2 Kh6 51. Rdf4 Kg7 52. c4 Qc1 53. b4
Qc3 54. c5 a5 55. b5 Qxc5 56. Rb2 Qe5 57. Rb1 Qe2+ 58. Kh3 Qc2 59. Ra1 Qb2 60.
Rfa4 Qxb5 61. Rxa5 Qe2 62. R5a4 Kh6 63. R1a2 Qf1+ 64. Kh2 Qd1 65. Rf4 Qb1 66.
Rff2 Qe4 67. Rab2 Qd4 68. Rbc2 Qe4 69. Rce2 Qd4 70. Kg2 Qd5+ 71. Rf3 Qd4 72.
Rfe3 Qg4 73. Rf2 Qd4 74. Ree2 Qd3 75. Re8 Qd5+ 76. Kh2 Qd4 77. Rfe2 Qc5 78. Rh8+
Kg7 79. Rd8 Kf6 80. Red2 Ke7 81. R8d7+ Ke6 82. Rb7 Qc4 83. Rb6+ Kf7 84. Rb7+ Kf6
85. Rdb2 Qf1 86. R7b6+ Kg7 87. Rb7+ Kh6 88. R7b4 Kg7 89. Rb8 Kh6 90. Rh8+ Kg7
91. Rhb8 Kh6 92. Rh8+ Kg7 93. Re8 Kh6 94. Rh8+ 1/2-1/2

[Event "Groningen Open A"]
[Site "Groningen NED"]
[Date "2012.12.22"]
[Round "2.31"]
[White "Estremera Panos, Sergio"]
[Black "Ypma, Peter"]
[Result "1-0"]
[WhiteTitle "IM"]
[WhiteElo "2367"]
[BlackElo "2157"]
[WhiteFideId "2200864"]
[BlackFideId "1027255"]
[EventDate "2012.12.21"]

1. c4 c6 2. e4 d5 3. exd5 cxd5 4. cxd5 Nf6 5. Nc3 Nxd5 6. Nf3 Nc6 7. Bb5 Nxc3 8.
bxc3 Bg4 9. h3 Bh5 10. O-O Qd5 11. Be2 e6 12. d4 Be7 13. Rb1 Bxf3 14. Bxf3 Qd7
15. d5 exd5 16. Qxd5 Qxd5 17. Bxd5 Rd8 18. Bxc6+ bxc6 19. Re1 Kf8 20. Rb7 Bc5
21. Be3 Bd6 22. Bxa7 h5 23. Bb6 Ra8 24. Rd7 Rh6 25. Rxd6 Rxd6 26. Bc5 Rd8 27.
Rd1 Ke7 28. Rxd6 Rxd6 29. Kf1 Ke6 30. Bxd6 Kxd6 31. Ke2 Kc5 32. Kd3 g5 33. g4 h4
34. f3 Kb5 35. Kd4 f6 36. Ke4 Kc4 37. a4 c5 38. Kf5 Kxc3 39. a5 1-0

[Event "Groningen Open A"]
[Site "Groningen NED"]
[Date "2012.12.22"]
[Round "2.32"]
[White "Pel, Bonno"]
[Black "Van der Auweraert, Elwin"]
[Result "1/2-1/2"]
[WhiteTitle "FM"]
[WhiteElo "2288"]
[BlackElo "2126"]
[WhiteFideId "1004760"]
[BlackFideId "1029568"]
[EventDate "2012.12.21"]

1. g3 Nf6 2. Bg2 g6 3. d3 Bg7 4. f4 d5 5. Nf3 c6 6. O-O O-O 7. Qe1 Qb6+ 8. e3
Nbd7 9. Nc3 Re8 10. d4 c5 11. Kh1 e6 12. a4 a6 13. a5 Qc7 14. Ne5 b5 15. axb6
Qxb6 16. b3 Rb8 17. Ba3 cxd4 18. exd4 Bb7 19. Qd2 Qc7 20. Bb4 Rbc8 21. Ba5 Qd6
22. Qd3 Nb8 23. Na4 Ne4 24. c4 Nc6 25. c5 Qe7 26. Nb6 Rc7 27. Be1 Nxe5 28. fxe5
f6 29. exf6 Bxf6 30. b4 Qg7 31. Rd1 Rf7 32. b5 axb5 33. Qxb5 Ref8 34. c6 Bc8 35.
Bxe4 dxe4 36. Bb4 Rd8 37. Bc5 e3 38. Qe2 Rc7 39. d5 exd5 40. Nxd5 Rxd5 41. Rxd5
Rxc6 42. Rfd1 h5 43. Kg1 Bg4 44. Qxe3 Bxd1 45. Rxd1 Kh7 46. Rd5 Rc7 47. Kg2 Qf7 1/2-1/2

[Event "Groningen Open A"]
[Site "Groningen NED"]
[Date "2012.12.22"]
[Round "2.33"]
[White "Basencyan, Mark"]
[Black "Calzetta Ruiz, Monica"]
[Result "1-0"]
[BlackTitle "WGM"]
[WhiteElo "2112"]
[BlackElo "2286"]
[WhiteFideId "13300725"]
[BlackFideId "2204185"]
[EventDate "2012.12.21"]

1. d4 Nf6 2. c4 c5 3. d5 b5 4. cxb5 a6 5. bxa6 Bxa6 6. Nc3 d6 7. e4 Bxf1 8. Kxf1
g6 9. Nf3 Bg7 10. g3 Nbd7 11. Kg2 O-O 12. Qe2 Ra7 13. a4 Qa8 14. Ra3 Rb8 15. b3
Ne8 16. Bb2 Nc7 17. Rd1 Bxc3 18. Bxc3 Nb5 19. Qb2 Nxa3 20. Qxa3 c4 21. Nd4 Nc5
22. f3 cxb3 23. a5 b2 24. Rb1 e5 25. dxe6 Nxe4 26. Rxb2 Rxb2+ 27. Bxb2 fxe6 28.
fxe4 Qxe4+ 29. Qf3 Qb1 30. Bc3 e5 31. Qd5+ Rf7 32. Qa8+ Rf8 33. Qd5+ Kh8 34. Nf3
Qc2+ 35. Bd2 Qd1 36. a6 Qe2+ 37. Kh3 Qf1+ 38. Kg4 Qxa6 39. Bh6 Qa8 40. Qb3 Qd8
41. Ng5 Rf2 42. Qb7 Qg8 43. Kh3 d5 44. Qc7 Rf5 45. g4 1-0

[Event "Groningen Open A"]
[Site "Groningen NED"]
[Date "2012.12.22"]
[Round "2.34"]
[White "Mamedjarova, Turkan"]
[Black "Theulings, Paul-Peter"]
[Result "1-0"]
[WhiteTitle "WGM"]
[BlackTitle "CM"]
[WhiteElo "2277"]
[BlackElo "2105"]
[WhiteFideId "13402005"]
[BlackFideId "1002899"]
[EventDate "2012.12.21"]

1. e4 Nf6 2. e5 Nd5 3. Nc3 Nxc3 4. bxc3 d6 5. f4 g6 6. d4 Bg7 7. Nf3 O-O 8. Bd3
c5 9. O-O dxe5 10. fxe5 Nc6 11. Be3 Qa5 12. Ng5 c4 13. Bxc4 Qxc3 14. Qd3 Qxd3
15. cxd3 e6 16. Ne4 Rd8 17. Nd6 Rd7 18. Bb5 Bf8 19. Ne4 Be7 20. Rac1 a6 21. Bxc6
bxc6 22. Rxc6 Bb7 23. Rc2 Kg7 24. Rfc1 Bd5 25. Nc3 Ba3 26. Rb1 Rc7 27. Bc1 Bf8
28. Bd2 Rac8 29. Kf1 a5 30. Rcc1 Ba3 31. Nxd5 Bxc1 32. Nxc7 Bxd2 33. Rb7 Be3 34.
Ke2 Bg1 35. Kf1 Be3 36. Ke2 Bg1 37. Nxe6+ Kg8 38. Ng5 Bxd4 39. Nxf7 Re8 40. Nh6+
Kh8 41. Rb5 Kg7 42. Ng4 h5 43. Rb7+ Kf8 44. Nf6 Rxe5+ 45. Ne4 Re7 46. Rb5 Re5
47. Rb8+ Ke7 48. a4 Rf5 49. Rg8 Kf7 50. Rd8 Be5 51. h3 h4 52. Rd5 Bh2 53. Rd7+
Kf8 54. Ra7 Bg1 55. Rh7 Rh5 56. Rxh5 gxh5 57. Nd2 Bh2 58. Nc4 Bc7 59. Kf3 Ke7
60. Ke4 Kd7 61. Kd5 Bd8 62. Ne5+ Kc7 63. Nc6 1-0

[Event "Groningen Open A"]
[Site "Groningen NED"]
[Date "2012.12.22"]
[Round "2.35"]
[White "Dehn, Marcus"]
[Black "Beukema, Stefan"]
[Result "0-1"]
[BlackTitle "FM"]
[WhiteElo "2105"]
[BlackElo "2262"]
[WhiteFideId "4667093"]
[BlackFideId "1024523"]
[EventDate "2012.12.21"]

1. d4 g6 2. Bg5 Bg7 3. c3 d6 4. e4 Nf6 5. f3 O-O 6. Nd2 c5 7. dxc5 dxc5 8. Nc4
Qc7 9. Qc1 Be6 10. Qf4 Qc6 11. a4 Nbd7 12. Nh3 Nb6 13. Na5 Qc8 14. Qe3 c4 15.
Nf4 Bd7 16. e5 h6 17. e6 hxg5 18. exd7 Qc7 19. Ne6 fxe6 20. Qxe6+ Kh8 21. Rd1
Rad8 22. h4 Qg3+ 23. Ke2 Nh5 24. hxg5 Qxg5 25. Nxb7 Rf5 26. Nxd8 Re5+ 27. Qxe5
Qxe5+ 28. Kf2 Qg3+ 29. Kg1 Nxd7 30. Rxd7 Qe1 31. g4 Bh6 32. Nf7+ Kg7 33. Nxh6
Ng3 34. Rh4 Ne2+ 0-1

[Event "Groningen Open A"]
[Site "Groningen NED"]
[Date "2012.12.22"]
[Round "2.36"]
[White "Van Osch, Mees"]
[Black "Heemskerk, Wim"]
[Result "1-0"]
[BlackTitle "FM"]
[WhiteElo "2090"]
[BlackElo "2253"]
[WhiteFideId "1035967"]
[BlackFideId "1001000"]
[EventDate "2012.12.21"]

1. e4 c5 2. Nf3 e6 3. d4 cxd4 4. Nxd4 Nc6 5. Nc3 Qc7 6. f4 a6 7. Nxc6 bxc6 8.
Bd3 d5 9. O-O Nf6 10. Qe2 Be7 11. Kh1 Bb7 12. b3 h5 13. Bb2 h4 14. Rae1 Nh5 15.
Qe3 Bb4 16. Be2 d4 17. Qxd4 Ng3+ 18. Kg1 Qa5 19. Qxg7 Bc5+ 20. Rf2 O-O-O 21. Bd3
Qc7 22. Na4 Bxf2+ 23. Kxf2 Qxf4+ 24. Kg1 Nh5 25. Qe5 Qxe5 26. Bxe5 Rxd3 27. cxd3
f6 28. Bd6 e5 29. Rf1 Nf4 30. g3 hxg3 31. hxg3 Rg8 32. Kh2 Rh8+ 33. Kg1 Rg8 34.
Rf3 Kd7 35. Bb4 Ke8 36. Kf2 Nh3+ 37. Kg2 Nf4+ 38. Kf2 Nh3+ 39. Kg2 Nf4+ 40. Kh2
Rh8+ 41. Kg1 Rg8 42. Nb6 Kf7 43. Kf2 Nh3+ 44. Kg2 Nf4+ 45. Kf1 Nh5 46. Nc4 Ke6
47. Nd6 Bc8 48. Nf5 Bd7 49. Ke2 Rb8 50. Bd2 Rg8 51. Kf2 Be8 52. Nh6 Rg6 53. g4
Ng7 54. Rh3 Bd7 55. Kf3 Kd6 56. Nf5+ Nxf5 57. exf5 Rg8 58. Rh6 Rf8 59. Bg5 Ke7
60. Bh4 c5 61. Bf2 Kd6 62. Bh4 Ke7 63. Rh7+ Kd6 64. Rg7 Bc6+ 65. Ke3 Bd7 66. Kf3
Bc6+ 67. Kf2 Bd7 68. Ke3 Bc8 69. Rg6 Ke7 70. Rg7+ Rf7 71. Rg8 Kd7 72. Kf3 Bb7+
73. Kg3 Bc8 74. Kf3 Bb7+ 75. Kf2 Bc8 76. Kg3 Bb7 77. Rb8 Bc6 78. a4 Kc7 79. Rh8
Kd7 80. Rh6 Ke7 1-0

[Event "Groningen Open A"]
[Site "Groningen NED"]
[Date "2012.12.22"]
[Round "2.37"]
[White "Duijker, Rick"]
[Black "Beerdsen, Thomas"]
[Result "1-0"]
[WhiteTitle "FM"]
[WhiteElo "2242"]
[BlackElo "2076"]
[WhiteFideId "1010565"]
[BlackFideId "1030108"]
[EventDate "2012.12.21"]

1. d4 d5 2. Bg5 Nf6 3. Bxf6 exf6 4. e3 Bd6 5. g3 O-O 6. Bg2 c6 7. Ne2 Qb6 8. b3
Qa6 9. O-O Bf5 10. Re1 Nd7 11. a3 Rfe8 12. Nd2 Nb6 13. Bf1 Nc8 14. c4 Bd3 15.
Nc3 Bxf1 16. Rxf1 Ne7 17. cxd5 cxd5 18. b4 Rac8 19. Qb3 Qd3 20. Nxd5 Qxb3 21.
Nxe7+ Rxe7 22. Nxb3 Rec7 23. Rfc1 Rc2 24. Rxc2 Rxc2 25. Rc1 Rxc1+ 26. Nxc1 a5
27. bxa5 Bxa3 28. Nd3 Kf8 29. Nc5 Ke7 30. Nxb7 Kd7 31. a6 Kc7 32. Na5 Kb8 33.
Nc6+ Kc7 34. a7 1-0

[Event "Groningen Open A"]
[Site "Groningen NED"]
[Date "2012.12.22"]
[Round "2.38"]
[White "Lyell, Mark"]
[Black "Henseler, Jorgen"]
[Result "1/2-1/2"]
[WhiteTitle "FM"]
[WhiteElo "2226"]
[BlackElo "2076"]
[WhiteFideId "402354"]
[BlackFideId "1023233"]
[EventDate "2012.12.21"]

1. e4 c5 2. Nc3 Nc6 3. Bb5 Nd4 4. Bc4 g6 5. Nf3 Bg7 6. Nxd4 cxd4 7. Qf3 Nh6 8.
Ne2 O-O 9. d3 Ng4 10. Bb3 d6 11. O-O a5 12. a4 Ne5 13. Qg3 Nd7 14. Qh4 Nc5 15.
Bc4 Be6 16. Bb5 Bd7 17. Bg5 Re8 18. f4 Bxb5 19. axb5 Qd7 20. f5 d5 21. exd5 Qxd5
22. fxg6 hxg6 23. Nf4 Qd7 24. Rae1 e5 25. Nh3 f5 26. Bf6 Bxf6 27. Qxf6 Re6 28.
Qh4 Qg7 29. Ng5 Re7 30. Re2 Rae8 31. g4 f4 32. Qe1 b6 33. h4 Qf6 34. Qf2 Kg7 35.
Rfe1 Qd6 36. Qf3 Qd7 37. h5 Kh6 38. Ne4 Nxe4 39. Qxe4 gxh5 40. gxh5 Rg8+ 41. Kh1
Qh3+ 42. Rh2 Qg4 43. Rg2 Qxg2+ 44. Qxg2 Rxg2 45. Kxg2 Rg7+ 46. Kf3 Rg3+ 47. Kf2
Rg5 48. Kf3 Rg3+ 49. Kf2 Rg5 1/2-1/2

[Event "Groningen Open A"]
[Site "Groningen NED"]
[Date "2012.12.22"]
[Round "2.39"]
[White "Richters, Marc"]
[Black "De Ruiter, Danny"]
[Result "0-1"]
[WhiteElo "2075"]
[BlackElo "2226"]
[WhiteFideId "24612332"]
[BlackFideId "1020650"]
[EventDate "2012.12.21"]

1. e4 c5 2. c3 d5 3. exd5 Qxd5 4. d4 Nf6 5. Nf3 Bg4 6. Be2 e6 7. Na3 Nc6 8. O-O
Be7 9. Be3 cxd4 10. Nb5 Qd8 11. Nbxd4 Nxd4 12. Bxd4 O-O 13. Qb3 Qc7 14. Rad1 Bd6
15. h3 Bh5 16. Rfe1 Rfd8 17. c4 Bg6 18. Nh4 Be4 19. Qc3 Qe7 20. Qe3 Bc2 21. Rc1
Bb4 22. Rf1 Ba4 23. a3 Rxd4 24. Qxd4 Bc5 25. Qe5 Nd7 26. Qg3 Bd6 27. f4 Nc5 28.
Qg5 f6 29. Qg4 f5 30. Qg5 Qf7 31. Qg3 Ne4 32. Qe1 Bc5+ 33. Kh2 Be3 34. Qb4 Bc6
35. Rcd1 g5 36. Nf3 Bxf4+ 37. Kg1 Be3+ 38. Kh1 Qc7 39. g4 Qg3 0-1

[Event "Groningen Open A"]
[Site "Groningen NED"]
[Date "2012.12.22"]
[Round "2.40"]
[White "Umudova, Nargiz"]
[Black "Vereggen, Lars"]
[Result "1-0"]
[WhiteTitle "WIM"]
[WhiteElo "2220"]
[BlackElo "2059"]
[WhiteFideId "13402137"]
[BlackFideId "1029258"]
[EventDate "2012.12.21"]

1. e4 c5 2. Nf3 d6 3. d4 cxd4 4. Nxd4 Nf6 5. Nc3 a6 6. Bg5 e6 7. f4 Nbd7 8. Bc4
b5 9. Bxe6 fxe6 10. Nxe6 Qa5 11. O-O Bb7 12. Qe2 Qb6+ 13. Kh1 Kf7 14. e5 Re8 15.
exf6 Rxe6 16. Qh5+ g6 17. Qh4 Qc6 18. Rf2 h5 19. Raf1 Nxf6 20. f5 gxf5 21. Ne2
Ng4 22. Rxf5+ Ke8 23. Rxf8+ Rxf8 24. Qxh5+ Kd7 25. Qh7+ Kc8 26. Rxf8+ Re8 27.
Rxe8+ Qxe8 28. Qf5+ Qd7 29. Nd4 Be4 30. Qxd7+ Kxd7 31. Kg1 Ne5 32. Kf2 Nc4 33.
Bc1 Ke7 34. g4 Kf6 35. b3 Ne5 36. Kg3 Nc6 37. Nxc6 Bxc6 38. Kf4 Be8 39. Bb2+ Kg6
40. Ba3 d5 41. h4 1-0